European Coats of Arms – Sudden Death - Statistics

General Stats
  • This quiz has been taken 38 times
  • The average score is 8 of 15
Answers on the Grid
Answers color-coded by a green-red scale on the quiz's grid according to % correct below.
 
Answer Stats
Answer % Correct
Andorra
71%
Spain
71%
Slovenia
71%
Russia
71%
Hungary
62%
Albania
57%
Ukraine
52%
Vatican City
48%
Lithuania
48%
Ireland
48%
United Kingdom
43%
Bulgaria
43%
Finland
38%
Czechia
38%
Denmark
19%
No matching quizzes found
Score Distribution
Percent of People with Each Score
Percentile by Number Answered
Your Score History
You have not taken this quiz